ბათუმის შოთა რუსთაველის სახელმწიფო უნივერსიტეტის ბიბლიოთეკა

Физическая химия (ბიბ.ჩანაწერი № 35540)

000 -LEADER
fixed length control field 00736nam a2200241Ia 4500
001 - CONTROL NUMBER
control field 1401
003 - CONTROL NUMBER IDENTIFIER
control field GE_BSU
008 - FIXED-LENGTH DATA ELEMENTS--GENERAL INFORMATION
fixed length control field 181216s||||||||xx |||||||||||||| ||und||
040 ## - CATALOGING SOURCE
Transcribing agency GE_BSU
080 ## - UNIVERSAL DECIMAL CLASSIFICATION NUMBER
Universal Decimal Classification number 541.1
100 ## - MAIN ENTRY--PERSONAL NAME
Personal name Эткинс,П. Паула, Дж.
245 ## - TITLE STATEMENT
Title Физическая химия
245 ## - TITLE STATEMENT
Remainder of title Равновесная термодинамика.
245 ## - TITLE STATEMENT
Statement of responsibility, etc. Пер. с англ. И.А.Успенской. Под ред.В.В. Лунина О.М.Полторака
260 ## - PUBLICATION, DISTRIBUTION, ETC.
Place of publication, distribution, etc. Москва
260 ## - PUBLICATION, DISTRIBUTION, ETC.
Name of publisher, distributor, etc. Мир
260 ## - PUBLICATION, DISTRIBUTION, ETC.
Date of publication, distribution, etc. 2007
300 ## - PHYSICAL DESCRIPTION
Extent 494стр.
653 ## - INDEX TERM--UNCONTROLLED
Uncontrolled term Равновесная термодинамика
653 ## - INDEX TERM--UNCONTROLLED
Uncontrolled term Физическая химия
942 ## - ADDED ENTRY ELEMENTS (KOHA)
Koha item type წიგნი
ეგზემპლარები
Withdrawn status Lost status Damaged status Not for loan Date acquired Barcode Date last seen Price effective from Koha item type Public note
        2018-12-17 2461 2018-12-17 2018-12-17 წიგნი საცავი
        2018-12-17 2462 2018-12-17 2018-12-17 წიგნი საცავი
        2018-12-17 2463 2018-12-17 2018-12-17 წიგნი საცავი